Most Populous Cities in the U.S. - 1930 Census - Statistics

General Stats
  • This quiz has been taken 20 times
  • The average score is 80 of 100
Answer Stats
Answer State Population % Correct
Akron OH 255,040
100%
Albany NY 127,412
100%
Atlanta GA 270,366
100%
Baltimore MD 804,874
100%
Boston MA 781,188
100%
Buffalo NY 573,076
100%
Chicago IL 3,376,438
100%
Cincinnati OH 451,160
100%
Cleveland OH 900,429
100%
Columbus OH 290,564
100%
Dallas TX 260,475
100%
Detroit MI 1,568,662
100%
Houston TX 292,352
100%
Indianapolis IN 364,161
100%
Jacksonville FL 129,549
100%
Louisville KY 307,745
100%
Memphis TN 253,143
100%
Miami FL 110,637
100%
Nashville TN 153,866
100%
Newark NJ 442,337
100%
New York City NY 6,930,446
100%
Philadelphia PA 1,950,961
100%
Pittsburgh PA 669,817
100%
Portland OR 301,815
100%
Rochester NY 328,132
100%
San Diego CA 147,995
100%
Seattle WA 365,583
100%
Washington DC 486,869
100%
Allentown PA 92,563
80%
Bridgeport CT 146,716
80%
Cambridge MA 113,643
80%
Camden NJ 118,700
80%
Canton OH 104,906
80%
Chattanooga TN 119,798
80%
Dayton OH 200,982
80%
Denver CO 287,861
80%
Elizabeth NJ 114,589
80%
El Paso TX 102,421
80%
Erie PA 115,967
80%
Evansville IN 102,249
80%
Flint MI 156,492
80%
Fort Wayne IN 114,946
80%
Gary IN 100,426
80%
Grand Rapids MI 168,592
80%
Hartford CT 164,072
80%
Jersey City NJ 316,715
80%
Kansas City MO 399,746
80%
Kansas City KS 121,857
80%
Knoxville TN 105,802
80%
Los Angeles CA 1,238,048
80%
Lynn MA 102,320
80%
Minneapolis MN 464,356
80%
New Bedford MA 112,597
80%
New Haven CT 162,655
80%
New Orleans LA 458,762
80%
Oakland CA 284,063
80%
Oklahoma City OK 185,389
80%
Omaha NE 214,006
80%
Paterson NJ 138,513
80%
Providence RI 251,981
80%
Reading PA 111,171
80%
Richmond VA 182,929
80%
Sacramento CA 93,750
80%
Salt Lake City UT 140,267
80%
San Antonio TX 231,542
80%
San Francisco CA 634,394
80%
Scranton PA 143,433
80%
South Bend IN 104,193
80%
Springfield MA 149,900
80%
St. Louis MO 821,960
80%
St. Paul MN 271,606
80%
Syracuse NY 209,326
80%
Tampa FL 101,161
80%
Toledo OH 290,718
80%
Trenton NJ 123,356
80%
Utica NY 101,740
80%
Waterbury CT 99,902
80%
Wilmington DE 106,597
80%
Worcester MA 195,311
80%
Yonkers NY 134,646
80%
Youngstown OH 170,002
80%
Birmingham AL 259,678
60%
Des Moines IA 142,559
60%
Duluth MN 101,463
60%
Fall River MA 115,274
60%
Fort Worth TX 163,447
60%
Lowell MA 100,234
60%
Milwaukee WI 578,249
60%
Norfolk VA 129,710
60%
Peoria IL 104,969
60%
Spokane WA 115,514
60%
Tacoma WA 106,817
60%
Tulsa OK 141,258
60%
Wichita KS 111,110
60%
Long Beach CA 142,032
40%
Somerville MA 103,908
40%
Wilkes-Barre PA 86,626
40%
Bayonne NJ 88,979
20%
Rockford IL 85,864
20%
Schenectady NY 95,692
0%
No matching quizzes found
Score Distribution
Percent of People with Each Score
Percentile by Number Answered
Your Score History
You have not taken this quiz